Escritos de José Enrique Rodó /

Colección Cvltura: Selección de Buenos Autores Antiguos y Modernos (1916-23), proyecto editorial concebido por Agustín Loera y Chávez y Julio Torri para hacer accesible un repertorio selecto de la literatura universal a los lectores mexicanos, concentrados en la capital, hacia el final del período a...

Täydet tiedot

Tallennettuna:
Bibliografiset tiedot
Päätekijä: Rodó, José Enrique (autor)
Muut tekijät: Henríquez Ureña, Pedro (prólogo) (prólogo)
Aineistotyyppi: Kirja
Kieli:espanja
Julkaistu: México : Cultura, 1916
Sarja:(Cvltura: Selección de Buenos Autores Antiguos y Modernos. Tomo II ; 1)
Aiheet:
Tagit: Lisää tagi
Ei tageja, Lisää ensimmäinen tagi!

MARC

LEADER 00000nam^a2200000^a^4500
001 000136112
005 20250526000000.0
009 20260310095308.269
037 |a Acervo ITESO - Biblioteca 
041 |a ESP 
082 |a 805.  |b CUL 1916 V. 2 T. 1 
100 |a Rodó, José Enrique  |e (autor) 
240 1 1 |a [Colección Cvltura: Selección de Buenos Autores Antiguos y Modernos] 
245 1 0 |a Escritos de José Enrique Rodó /  |c J.E. Rodó ; pról. de P. Henríquez Ureña. 
264 1 |a México :  |b Cultura,  |c 1916 
300 |a 77 p. ;  |c 16.0 cm. 
336 |a texto  |b txt  |2 rdacontenido 
337 |a sin mediación  |b n  |2 rdamedio 
338 |a volumen  |b nc  |2 rdasoporte 
440 1 |a (Cvltura: Selección de Buenos Autores Antiguos y Modernos.  |p Tomo II ;  |v 1) 
520 |a Colección Cvltura: Selección de Buenos Autores Antiguos y Modernos (1916-23), proyecto editorial concebido por Agustín Loera y Chávez y Julio Torri para hacer accesible un repertorio selecto de la literatura universal a los lectores mexicanos, concentrados en la capital, hacia el final del período armado de la Revolución (1910-17). Adquirible mediante suscripción, Cvltura sumó primeramente un nuevo libro cada quince días y después cada mes, publicados por el sello homónimo en un inicio (1916-19) y luego por la editorial México Moderno (1919-23). La mayor parte de los 87 volúmenes, distribuidos en quince tomos, corresponden a creaciones literarias, entre ellos cerca de 30 antologías, aunque unas nueve entregas fueron tratados filosóficos y musicales. El grupo comprende títulos de la literatura judía bíblica, griega clásica, persa medieval, mexicana barroca y española del Siglo de Oro, pero está centrado en los siglos XIX y XX, con la inclusión de las siguientes literaturas: mexicana, argentina, chilena, colombiana, cubana, española, nicaragüense y uruguaya; francesa, además de belga y suiza, de expresión francesa; italiana y portuguesa; inglesa, irlandesa y norteamericana; alemana, danesa y sueca; rusa y bengalí. El tapatío Enrique González Martínez, con tres libros propios en su haber, fue el más publicado de los 73 autores, entre quienes figuraron dos mujeres y cuatro galardonados y cuatro futuros ganadores del Premio Nobel de Literatura: Sor Juana Inés de la Cruz y Selma Lagerlöf (1909); Giosué Carducci (1906), Mauricio Maeterlinck (1911) y Rabindranath Tagore, (1913); Anatole France (1921), Bernard Shaw (1925), André Gide (1947) y Juan Ramón Jiménez (1956). 
649 |a XX 
650 |a Identidad Cultural -  |z Latinoamérica 
650 |a Cuentos Uruguayos 
650 |a Ensayos Uruguayos 
650 |a Prosa Literaria Uruguaya 
650 |a Literatura Uruguaya -  |y Siglo XX 
650 |a Literatura y Sociedad -  |z Uruguay 
650 |a Modernismo (Literatura) -  |z Uruguay 
650 |a Filosofía y Literatura 
700 |a Henríquez Ureña, Pedro  |e (prólogo) 
910 |a Fondo Salvador Reynoso Reynoso 
920 |a Impresos - Libros 
930 |a Libros Antiguos y Raros 
940 |a Literatura 
905 |a 108 
901 |a 0800013920  |b IT2  |c LRA  |u 20250526 
902 |a https://opac.biblio.iteso.mx/vufind/Record/000136112